| 000 | 00674cam a22002293a 4500 | ||
|---|---|---|---|
| 001 | 26413 | ||
| 003 | PGUSA | ||
| 005 | 20140828083553.0 | ||
| 008 | 080824s2008||||xxu|||||s|||||000 | eng d | ||
| 040 |
_aPGUSA _beng |
||
| 042 | _adc | ||
| 050 | 4 | _aPR | |
| 245 | 1 | 0 |
_aSelections from early Middle English, 1130-1250 : _bPart I: Texts _h[electronic resource] |
| 260 |
_bProject Gutenberg, _c2008 |
||
| 506 | _aPublic domain in the USA. | ||
| 516 | _aElectronic text | ||
| 653 | _aEnglish literature -- Middle English, 1100-1500 | ||
| 700 | 1 |
_aHall, Joseph, _d1854- |
|
| 830 | 0 |
_aProject Gutenberg _v26413 |
|
| 856 | 4 | 0 | _uhttp://www.gutenberg.org/ebooks/26413 |
| 942 | _cEB | ||
| 999 |
_c255668 _d255668 |
||